Soul mate
| Main Author: | |
|---|---|
| Format: | Book |
| Published: |
New York :
E.P. Dutton ,
1989
|
| Subjects: |
MARC
| LEADER | 00000cam a2200000 7i4500 | ||
|---|---|---|---|
| 001 | 0000000875 | ||
| 002 | 000000978 | ||
| 005 | 20000330.0 | ||
| 020 | |a 0525247688 | ||
| 090 | 0 | 0 | |a F |b SMI |
| 100 | 1 | |a Smith, Rosamond | |
| 245 | 1 | 0 | |a Soul mate |c Rosamond Smith |
| 260 | |a New York : |b E.P. Dutton , |c 1989 | ||
| 300 | |a 248p. ; |c 24cm. | ||
| 650 | 0 | 0 | |a Thriller fiction |
| 999 | |a 030084 |b BUKU |c PINJAMAN |e PERPUSTAKAAN KOMUNITI PETALING JAYA | ||
| 999 | |a 030086 |b BUKU |c PINJAMAN |e PERPUSTAKAAN KOMUNITI PETALING JAYA | ||